Chansons Amel Bent - Statistiques

Statistiques générales
  • Ce quiz a été pris 63 fois
  • Le résultat moyen est 8 sur 15
Statistiques - réponses
Indice Réponse % Correct
Astronomie Ma philosophie
97%
Feat.Imen ES Jusqu'au bout
80%
Chiffres 123
73%
Ton prénom Ton nom
67%
Mais qu'est ce que j'ai fais.... Ou je vais
63%
Feat.Diam's A 20 ans
60%
L'erreur est Humaine Le droit A l'erreur
53%
Morte Vivante
53%
Le même titre qu'une chanson de Vitaa et Slimane Avant Toi
50%
Reprise de Johny Hallyday Allumer Le feu
37%
Le jour La nuit
37%
Feat.Soprano C'est la folie
33%
Reprise de Johny Hallyday Je te promet
33%
A ma manière A mi manera
23%
Elle dure 2:2 Décharge Mentale
17%
Aucun quiz correspondant
Distribution des résultats
% des personnes avec chaque résultat
Percentile par nombre de réponses
Votre historique - résultats
Vous n’avez pas pris ce quiz